000 00536nam a2200205Ia 4500
008 230125s9999 xx 000 0 und d
020 _a978-81-933157-3-6
041 _aeng
082 _a658.018
_bTYA
100 _aTyagi C L
_9107255
245 _aResearch In Business Management Vol - 1
260 _c2018
_bShree Niwas Publication
_aJaipur
300 _a338p
440 _v2
500 _aResearch methodology;
650 _aResearch Methodology
700 _aTyagi C L
_9107255
906 _b27
999 _c95644
_d95644